Small and Medium Enterprises and Their Role in Regional Development (Case Bratislava)

Postavenie malých a stredných podnikov (MSP) v regióne Bratislava a ich spolupráca s výskumnými ústavmi a vysokými školami (prípadová štúdia). Výskum kooperácie medzi zodpovednými výskumnými ústavmi, katedrami vysokých škôl a MSP. Odporúčania pre regionálnu politiku, vytvorenie legislatívy umožňujúc...

Descrizione completa

Salvato in:
Dettagli Bibliografici
Autore principale: Gašparíková, Jana
Altri autori: Buček, Milan, Rehák, Štefan, 1974-
Natura: Capitolo di libro
Lingua:inglese
Soggetti:
Tags: Aggiungi Tag
Nessun Tag, puoi essere il primo ad aggiungerne!!

MARC

LEADER 00000naa a2200000 4500
001 r048954
005 20240502071343.5
041 0 |a eng 
044 |a SK 
245 1 0 |a Small and Medium Enterprises and Their Role in Regional Development (Case Bratislava)  |c Jana Gašparíková, Milan Buček, Štefan Rehák 
520 |a Postavenie malých a stredných podnikov (MSP) v regióne Bratislava a ich spolupráca s výskumnými ústavmi a vysokými školami (prípadová štúdia). Výskum kooperácie medzi zodpovednými výskumnými ústavmi, katedrami vysokých škôl a MSP. Odporúčania pre regionálnu politiku, vytvorenie legislatívy umožňujúcej formovať malé odštepné organizácie, tzv. spin-off výskumné organizácie. Vplyv inovačnej politiky na postavenie univerzít, výskumných ústavov a MSP. 
610 2 0 |a rozvoj regionálny 
610 2 0 |a podnik malý 
610 2 0 |a podnik stredný 
610 2 0 |a ústavy výskumné 
610 2 0 |a školy vysoké 
610 2 0 |a štúdie prípadové 
610 2 0 |a inovácia 
610 2 0 |a priemysel 
610 2 0 |a spolupráca podnikov 
610 2 0 |a spolupráca vedecká 
610 2 0 |a Slovensko 
610 2 0 |a Bratislava 
100 1 |a Gašparíková, Jana 
700 1 |a Buček, Milan 
700 1 |a Rehák, Štefan, 1974-